000
00282 a2200133 4500
020
_a
0132107252
090
_c
2109
_d
2109
100
_a
J. Orlin
245
_a
International financial markets
250
_a
3rd
260
_a
London
300
_a
492
942
_a
NBS
_c
BK
_k
658.8 GRA
999
_c
344612
_d
344612